000 00541nam a2200217Ia 4500
003 OSt
005 20220928144736.0
006 a|||||r|||| 00| 0
007 ta
008 220927b |||||||| |||| 00| 0 eng d
024 _a73478
037 _cTextual
040 _aSDCL
_cSDCL
_beng
041 _2eng
_aeng
082 _aV63'N7, L7
100 _aDavenport T R H
_9509402
245 0 _aSouth Africa
_b A modern history.
260 _c1977
942 _hV63'N7, L7
_cTEXL
_2CC
999 _c829378
_d829378